[Event "Tourn. n8264"]
[Site "www.chess-mail.com"]
[Date "2015.07.20"]
[Round "1"]
[White "Levelibeka"]
[Black "Korto"]
[WhiteElo "2570"]
[BlackElo "2440"]
[Result "0-1"]
[Round "1"]
1.e4 c5
2.d4 cxd4
3.c3 Ng8f6
4.e5 Nf6d5
5.cxd4 d6
6.Ng1f3 Nb8c6
7.Bf1c4 Nd5b6
8.Bc4b5 a6
9.Bb5xc6 bxc6
10.O-O g6
11.exd6 Qd8xd6
12.b3 Bf8g7
13.Bc1a3 Qd6c7
14.Rf1e1 Nb6d5
15.Qd1c1 Bc8e6
16.Nb1c3 Ra8c8
17.Nc3xd5 cxd5
18.Ba3c5 O-O
19.Qc1a3 Qc7b7
20.Bc5xe7 Rf8e8
21.Be7d6 Qb7b6
22.Bd6c5 Qb6b5
23.h3 Bg7h6
 { time }
0-1

[Event "Tourn. n8268"]
[Site "www.chess-mail.com"]
[Date "2015.07.20"]
[Round "1"]
[White "Mitja"]
[Black "Bojan"]
[WhiteElo "1660"]
[BlackElo "1890"]
[Result "0-1"]
[Round "1"]
1.d4 d5
2.e3 g6
3.c3 Bf8g7
4.h3 Nb8c6
5.Ng1f3 Qd8d6
6.Nb1d2 Ng8f6
7.Nd2b3 b6
8.Bf1b5 a6
9.Bb5xc6 Qd6xc6
10.Nf3e5 Qc6d6
11.Ne5f3 Nf6e4
12.Nf3d2 Ne4xd2
13.Nb3xd2 Bc8f5
14.Nd2f3 Ra8d8
15.Qd1e2 a5
16.Nf3d2 c5
17.dxc5 Qd6xc5
18.O-O e5
19.e4 dxe4
20.Nd2xe4 Qc5e7
21.Bc1g5 f6
22.Bg5c1 O-O
23.f3 Bf5e6
24.b3 Rd8d7
25.Bc1b2 Rf8d8
26.Ra1d1 f5
27.Rd1xd7 Rd8xd7
28.Ne4g3 Qe7d8
29.Bb2c1 Rd7d3
30.c4 Be6c8
31.Ng3h1 Bc8b7
32.Nh1f2 Rd3d4
33.Rf1d1 Rd4xd1
34.Nf2xd1 e4
35.fxe4 Bb7xe4
36.Nd1f2 Bg7d4
37.Kf1 Be4b1
38.Bc1b2 Bd4c5
39.Qe2e5 Kf7
40.Qe5g7 Ke8
41.Qg7xh7 Qd8d6
42.Qh7g8 Kd7
43.Qg8f7 Kc6
44.Qf7e8 Kb7
45.Bb2e5 Qd6c6
46.Qe8d8 Bb1xa2
47.Qd8d1 Qc6e6
48.Be5f4 b5
49.Qd1c2 bxc4
50.Qc2xa2 cxb3
51.Qa2b1 a4
52.Bf4c1 Kb6
53.Qb1d3 a3
54.Qd3d8 Kb5
55.Qd8a8 b2
{ resign }
0-1

[Event "Tourn. n8264"]
[Site "www.chess-mail.com"]
[Date "2015.07.20"]
[Round "1"]
[White "Jpmartinez"]
[Black "Ostapbender"]
[WhiteElo "2590"]
[BlackElo "2710"]
[Result "0-1"]
[Round "1"]
1.e4 e6
2.d4 d5
3.Nb1d2 Ng8f6
4.Bf1d3 c5
5.c3 Nb8c6
6.Ng1f3 cxd4
7.cxd4 Nc6b4
8.Bd3b1 dxe4
9.Nd2xe4 Nf6xe4
10.Bb1xe4 Bf8e7
11.O-O O-O
12.a3 Nb4d5
13.Rf1e1 Nd5f6
{ resign }
0-1

[Event "Tourn. n8264"]
[Site "www.chess-mail.com"]
[Date "2015.07.20"]
[Round "1"]
[White "Levelibeka"]
[Black "Ostapbender"]
[WhiteElo "2570"]
[BlackElo "2710"]
[Result "0-1"]
[Round "1"]
1.e4 c5
2.d4 cxd4
3.c3 dxc3
4.Nb1xc3 Nb8c6
5.Ng1f3 e6
6.a3 d6
7.Bf1c4 Ng8f6
8.O-O Bf8e7
9.Qd1e2 O-O
10.Rf1d1 Bc8d7
11.Bc1f4 e5
12.Bf4g5 Bd7g4
13.Bg5e3 Ra8c8
14.Ra1c1 Qd8d7
15.h3 Bg4h5
16.Bc4a2 h6
17.Kh2 Rf8e8
18.Ba2b3 a6
19.Bb3a2 b5
20.Qe2d3 Qd7b7
21.Nc3d5 Be7d8
22.Rc1c3 Nc6d4
23.Rc3xc8 Nd4xf3
24.gxf3 Qb7xc8
25.Rd1g1 Kh7
26.f4 Nf6xd5
 { time }
0-1

[Event "Tourn. n8272"]
[Site "www.chess-mail.com"]
[Date "2015.07.20"]
[Round "1"]
[White "Jpmartinez"]
[Black "Seger"]
[WhiteElo "2590"]
[BlackElo "2690"]
[Result "0-1"]
[Round "1"]
1.e4 c5
2.f4 e6
3.Ng1f3 Nb8c6
4.Bf1b5 Bf8e7
5.O-O d5
6.d3 Ng8f6
7.e5 Nf6d7
8.c4 O-O
9.Bb5xc6 bxc6
10.Nb1c3 h6
11.Qd1e1 Nd7b6
12.Qe1g3 Kh8
{ resign }
0-1

[Event "Tourn. n8261"]
[Site "www.chess-mail.com"]
[Date "2015.07.20"]
[Round "1"]
[White "Ruko"]
[Black "Nugun"]
[WhiteElo "1680"]
[BlackElo "1650"]
[Result "1-0"]
[Round "1"]
1.e4 c6
2.d4 d5
3.Nb1c3 dxe4
4.Nc3xe4 Bc8f5
5.Ne4g3 Bf5g6
6.h4 h5
7.Ng1f3 Ng8f6
8.Bf1d3 Nf6d5
9.Bd3xg6 fxg6
10.Qd1d3 Qd8d6
11.Nf3e5 Rh8h6
12.Bc1xh6 gxh6
13.Qd3xg6 Qd6xg6
14.Ne5xg6 Bf8g7
15.O-O-O Kf7
16.Ng6e5 Bg7xe5
17.dxe5 e6
18.Ng3xh5 Nb8d7
19.c4 Nd5b6
20.c5 Nd7xc5
21.f4 Nc5e4
22.Rh1f1 Kg6
23.g4 Nb6c8
24.Rd1d7 Nc8e7
25.Rd7xe7 Ra8g8
26.Re7xe6 Kf7
27.Re6xh6 { resign }
1-0

[Event "Tourn. n8268"]
[Site "www.chess-mail.com"]
[Date "2015.07.20"]
[Round "1"]
[White "Nugun"]
[Black "Mitja"]
[WhiteElo "1650"]
[BlackElo "1660"]
[Result "0-1"]
[Round "1"]
1.c4 d5
2.e3 dxc4
3.Bf1xc4 e6
4.d4 c6
5.Ng1f3 Nb8d7
6.Nb1c3 Nd7b6
7.b3 Ng8f6
8.Nf3e5 Nb6d5
9.f3 Nd5xc3
10.Qd1d3 Nc3d5
11.e4 Nd5b6
12.O-O Nb6xc4
13.bxc4 Nf6d7
14.Bc1f4 Nd7xe5
15.Bf4xe5 f6
16.Be5g3 Bf8e7
17.Ra1d1 O-O
18.Rf1e1 Be7b4
19.Re1e3 Bb4d6
20.e5 Bd6c7
21.Re3e4 f5
22.Re4h4 Qd8e8
23.d5 Bc7b6
24.Kh1 cxd5
25.cxd5 exd5
26.Qd3xd5 Bc8e6
27.Qd5xb7 Ra8d8
28.Rd1d6 Qe8b5
{ resign }
0-1

[Event "Tourn. n8268"]
[Site "www.chess-mail.com"]
[Date "2015.07.20"]
[Round "1"]
[White "Nugun"]
[Black "Bojan"]
[WhiteElo "1650"]
[BlackElo "1890"]
[Result "0-1"]
[Round "1"]
1.c4 g6
2.g3 Bf8g7
3.Bf1g2 c6
4.e3 e6
5.Nb1c3 d5
6.cxd5 exd5
7.d4 Bc8f5
8.f3 Qd8d7
9.e4 dxe4
10.Nc3xe4 Bg7xd4
11.Ra1b1 c5
12.Bc1g5 h6
13.Bg5f4 Qd7e6
14.g4 Bf5xe4
15.fxe4 Nb8c6
16.Ng1f3 Qe6xe4
17.Qd1e2 Qe4xe2
18.Kxe2 g5
19.Bf4d2 Bd4f6
20.Rh1e1 O-O-O
21.Kf1 Ng8e7
22.Bd2c3 Bf6xc3
23.bxc3 Kc7
24.Nf3e5 Rh8f8
25.Ne5c4 b6
26.Nc4e3 Rd8d2
27.Re1e2 Rf8d8
28.Ke1 Rd2d3
29.c4 Ne7g6
30.Bg2e4 Rd3d6
31.Ne3d5 Kb8
32.Nd5xb6 axb6
33.Rb1xb6 Kc7
34.Re2b2 Ng6e5
35.Rb6b7 Kc8
36.Rb2b1 Ne5f3
37.Kf2 Nf3d4
38.Rb7xf7 Rd8d7
39.Rf7f8 Kc7
40.a4 Nc6b4
41.Rf8a8 Nd4c6
42.h3 Rd6d4
43.Rb1e1 Rd4xc4
44.a5 Rd7e7
45.Be4xc6 Rc4f4
46.Bc6f3 Nb4d3
47.Kg2 Nd3xe1
48.Kg3 Rf4xf3
49.Kh2 Kb7
50.Ra8h8 Re7e6
{ resign }
0-1

[Event "Tourn. n8299"]
[Site "www.chess-mail.com"]
[Date "2015.07.20"]
[Round "1"]
[White "Guidom"]
[Black "Xkafi"]
[WhiteElo "2070"]
[BlackElo "1960"]
[Result "1-0"]
[Round "1"]
1.e4 e5
2.Ng1f3 Qd8f6
3.d4 exd4
4.e5 Qf6b6
5.Nf3xd4 Bf8c5
6.c3 Nb8c6
7.Qd1g4 g6
8.Qg4e4 Ng8e7
9.Bf1c4 Nc6xd4
10.cxd4 Bc5xd4
11.O-O Qb6c5
12.Nb1d2 Bd4xe5
13.Nd2b3 Qc5d6
14.Bc1h6 Be5xh2
15.Kh1 Bh2e5
16.Ra1d1 Qd6f6
17.Rf1e1 Be5d6
18.Bh6g7 Qf6xg7
19.Rd1xd6 f5
20.Qe4d5 cxd6
21.Nb3d4 Qg7f6
22.Nd4b5 Kd8
23.Qd5d2 Qf6h4
24.Kg1 Qh4xc4
25.Nb5xd6 Rh8e8
26.Re1c1 Qc4e6
27.Rc1e1 Qe6xa2
28.Qd2c3 Qa2g8
29.Qc3f6 b6
30.Nd6f7 Kc7
31.Qf6e5 Kb7
32.Nf7d6 Kc7
33.Nd6b5 Kb7
34.Nb5d6 Kc7
35.Nd6b5 Kc6
36.Re1c1 Kb7
37.Nb5d6 Kb8
38.Nd6xe8 Kb7
39.Qe5c7 Ka6
40.Rc1a1 Kb5
41.Ne8d6 { resign }
1-0

[Event "Tourn. n8294"]
[Site "www.chess-mail.com"]
[Date "2015.07.20"]
[Round "1"]
[White "A27l"]
[Black "Hansen"]
[WhiteElo "1130"]
[BlackElo "1390"]
[Result "0-1"]
[Round "1"]
1.e4 e5
2.Ng1f3 Bf8d6
3.g3 a6
4.Bf1g2 Ng8f6
5.d3 Nf6g4
6.O-O Nb8c6
7.h3 Ng4f6
8.g4 h5
9.Nf3h2 Nc6d4
10.c3 Nd4e6
11.f3 Bd6c5
12.Kh1 hxg4
13.fxg4 { time. }
0-1

[Event "Tourn. n8217"]
[Site "www.chess-mail.com"]
[Date "2015.07.20"]
[Round "1"]
[White "Guidom"]
[Black "Scasan55"]
[WhiteElo "2060"]
[BlackElo "1930"]
[Result "1-0"]
[Round "1"]
1.e4 c5
2.f4 d6
3.Ng1f3 Nb8c6
4.Nb1c3 a6
5.Bf1c4 e6
6.d3 b5
7.Bc4b3 Qd8c7
8.Bc1e3 Nc6a5
9.O-O Na5xb3
10.axb3 Ng8f6
11.Qd1d2 Bf8e7
12.Nc3xb5 Qc7c6
13.Nb5c3 O-O
14.e5 dxe5
15.Nf3xe5 Qc6c7
16.Nc3e4 Nf6xe4
17.dxe4 Bc8b7
18.Qd2d3 Ra8d8
19.Qd3c4 Rd8a8
20.Rf1d1 Ra8c8
21.Rd1d7 Qc7b8
22.Rd7xe7 Bb7c6
23.Qc4xa6 Bc6xe4
24.Ne5d7 Qb8c7
25.Nd7f6 gxf6
26.Re7xc7 Rc8xc7
27.c4 Rf8a8
28.Qa6xa8 Be4xa8
29.Ra1xa8 Kg7
30.Kf2 Rc7b7
31.Ra8a3 Kg6
32.Be3xc5 Kf5
33.Kf3 e5
34.g4 Ke6
35.f5 Kd7
36.Ke4 Kc6
37.b4 Rb7b8
38.Ra3a6 { resign }
1-0

[Event "Tourn. n8209"]
[Site "www.chess-mail.com"]
[Date "2015.07.20"]
[Round "1"]
[White "Falcoale"]
[Black "Anja"]
[WhiteElo "1860"]
[BlackElo "1710"]
[Result "1-0"]
[Round "1"]
1.e4 Ng8f6
2.e5 Nf6d5
3.d4 d6
4.Ng1f3 Bc8g4
5.h3 Bg4h5
6.Bf1e2 Nb8c6
7.c4 Nd5b6
8.exd6 cxd6
9.b3 e6
10.Bc1b2 Bf8e7
11.O-O Be7f6
12.Nb1d2 O-O
13.Nd2e4 Bf6e7
14.Ne4g3 Bh5g6
15.Nf3h2 Ra8c8
16.a3  { time }
1-0

[Event "Tourn. n8209"]
[Site "www.chess-mail.com"]
[Date "2015.07.20"]
[Round "1"]
[White "Attatroll"]
[Black "Falcoale"]
[WhiteElo "1890"]
[BlackElo "1860"]
[Result "1-0"]
[Round "1"]
1.d4 Ng8f6
2.c4 b6
3.Nb1c3 Bc8b7
4.f3 e6
5.e4 d5
6.e5 Nf6d7
7.Bc1e3 Bf8e7
8.b3 O-O
9.Bf1d3 c5
10.cxd5 exd5
11.Ng1e2 Rf8e8
12.Ne2f4 Be7h4
13.g3 Bh4e7
14.e6 Nd7f6
15.exf7 Kxf7
16.O-O Nb8d7
17.Qd1c2 a6
18.Bd3xh7 Nf6xh7
19.Qc2xh7 Be7f6
20.Qh7g6 Kg8
21.Be3d2 Bf6xd4
22.Kg2 Nd7e5
23.Qg6c2 Qd8d6
24.Ra1e1 Ne5xf3
25.Rf1xf3 Bd4xc3
26.Bd2xc3 d4
27.Re1xe8 Ra8xe8
28.Bc3d2 Bb7xf3
29.Kxf3 Re8f8
30.Kg2 Rf8e8
31.Qc2f5 Qd6c6
32.Kh3 b5
33.Qf5g6 Qc6xg6
34.Nf4xg6 c4
35.Ng6f4 c3
36.Bd2c1 Re8e4
37.Nf4d3 Re4e2
38.a3 Re2e6
39.Kg4 a5
40.Kf5 Re6e3
41.Bc1xe3 dxe3
42.Ke4 e2
43.Ke3 b4
44.axb4 axb4
45.Kxe2 { resign }
1-0

[Event "Tourn. n8296"]
[Site "www.chess-mail.com"]
[Date "2015.07.20"]
[Round "1"]
[White "Gatrooper"]
[Black "Culiflori"]
[WhiteElo "1200"]
[BlackElo "999"]
[Result "0-1"]
[Round "1"]
1.e4 e5
2.a3 Ng8f6
3.Nb1c3 Nb8c6
4.Ng1f3 d6
5.Bf1b5 Bf8e7
6.Bb5xc6 bxc6
7.d3 Bc8g4
8.h3 Bg4h5
9.g4 Bh5g6
10.g5 Nf6d7
11.h4 Bg6h5
12.Bc1e3 O-O
13.g6 fxg6
14.Qd1e2 Ra8b8
15.O-O-O Bh5xf3
16.Qe2f1 Bf3xh1
17.Qf1xh1 Be7xh4
18.Nc3e2 Bh4xf2
19.Be3xf2 Rf8xf2
20.Ne2g3 Qd8g5
21.Kb1 Qg5xg3
22.Rd1g1 Qg3f3
23.Qh1h4 Rf2f1
24.Rg1xf1 Qf3xf1
25.Ka2 Qf1c1
26.Qh4e7 Qc1xb2
{ resign }
0-1

[Event "Tourn. n8310"]
[Site "www.chess-mail.com"]
[Date "2015.07.20"]
[Round "1"]
[White "Mitja"]
[Black "Picifarkinca"]
[WhiteElo "1660"]
[BlackElo "1820"]
[Result "1-0"]
[Round "1"]
1.d3 f5
2.e4 d6
3.exf5 Bc8xf5
4.f3 e5
5.Nb1c3 Ng8f6
6.Ng1e2 Nb8c6
7.Ne2g3 Bf5e6
8.a3 Bf8e7
9.Bf1e2 O-O
10.Nc3e4 d5
11.Ne4xf6 Be7xf6
12.O-O Nc6d4
13.Bc1e3 Nd4xe2
14.Qd1xe2 Bf6g5
15.Be3xg5 Qd8d6
16.Bg5d2 { resign }
1-0

[Event "Tourn. n8256"]
[Site "www.chess-mail.com"]
[Date "2015.07.20"]
[Round "1"]
[White "Bojan"]
[Black "Xkafi"]
[WhiteElo "1890"]
[BlackElo "1960"]
[Result "1-0"]
[Round "1"]
1.e4 e5
2.Ng1f3 Qd8f6
3.Nb1c3 c6
4.Bf1c4 Bf8c5
5.d3 h6
6.a3 d6
7.Nc3a4 Bc5xf2
8.Kxf2 b5
9.Bc4b3 bxa4
10.Bb3c4 g5
11.Ke2 g4
12.Nf3e1 Qf6h4
13.Bc1e3 Ng8f6
14.Kd2 Nf6h5
15.c3 Bc8d7
16.Qd1xa4 Nh5f4
17.g3 Qh4g5
18.gxf4 exf4
19.Be3d4 f3
20.Bd4e3 Qg5h4
21.d4 f2
22.Ne1d3 f5
23.exf5 Bd7xf5
24.Nd3xf2 Rh8f8
25.Ra1e1 Kd7
26.Re1e2 g3
27.Rh1g1 gxf2
28.Rg1g7 Kc8
29.Bc4a6 Nb8xa6
30.Qa4xa6 Kd8
31.Qa6a5 Ke8
32.Be3g5 Qh4e4
33.Rg7e7 { resign }
1-0

[Event "Tourn. n8164"]
[Site "www.chess-mail.com"]
[Date "2015.07.20"]
[Round "1"]
[White "Falcoale"]
[Black "Osopanda"]
[WhiteElo "1910"]
[BlackElo "2010"]
[Result "0-1"]
[Round "1"]
1.e4 c5
2.Ng1f3 d6
3.d4 cxd4
4.Nf3xd4 Ng8f6
5.Nb1c3 a6
6.Bf1d3 e5
7.Nd4b3 Bc8e6
8.O-O Nb8d7
9.f4 exf4
10.Bc1xf4 Nd7e5
11.Bf4g5 Bf8e7
12.h3 h6
13.Bg5e3 O-O
14.Nb3d4 Ne5xd3
15.cxd3 Ra8c8
16.Nd4xe6 fxe6
17.Qd1d2 b5
18.Rf1f3 e5
19.Be3xh6 d5
20.Bh6xg7 Kxg7
21.Qd2g5 Kf7
22.Nc3xd5 Ke6
23.Rf3f5 Nf6d7
24.Nd5xe7 Qd8xe7
25.Qg5xe7 Kxe7
26.Rf5h5 Rc8c2
27.a4 Rc2xb2
28.axb5 axb5
29.Rh5g5 b4
30.Ra1a7 Kd6
31.Rg5g6 Nd7f6
32.h4 Kc5
33.Ra7a5 Kd4
34.Rg6g5 Kxd3
35.Rg5xe5 Nf6g4
36.Re5d5 Ke3
37.e5 Rb2b1
{ resign }
0-1

[Event "Tourn. n8186"]
[Site "www.chess-mail.com"]
[Date "2015.07.20"]
[Round "1"]
[White "Genius7"]
[Black "Chtoubidou"]
[WhiteElo "1800"]
[BlackElo "1920"]
[Result "0-1"]
[Round "1"]
1.d4 d5
2.Nb1c3 Ng8f6
3.Ng1f3 Bc8f5
4.g3 e6
5.Bf1g2 c5
6.O-O Nb8c6
7.e3 Bf8d6
8.a3 h6
9.Nc3b5 O-O
10.Nb5xd6 Qd8xd6
11.c3 cxd4
12.exd4 Rf8e8
13.Rf1e1 a6
14.Nf3e5 Ra8c8
15.Bc1f4 Qd6e7
16.Ne5xc6 Rc8xc6
17.Bf4e5 b5
18.Qd1d2 Nf6d7
19.Ra1c1 Nd7xe5
20.Re1xe5 Rc6d6
 { time }
0-1

[Event "Tourn. n8310"]
[Site "www.chess-mail.com"]
[Date "2015.07.20"]
[Round "1"]
[White "Picifarkinca"]
[Black "Bojan"]
[WhiteElo "1820"]
[BlackElo "1890"]
[Result "0-1"]
[Round "1"]
1.e4 b6
2.d4 Bc8b7
3.f3 e6
4.c4 d5
5.cxd5 exd5
6.e5 Nb8c6
7.Bf1b5 a6
8.Bb5a4 b5
9.Ba4c2 Qd8h4
10.g3 Qh4xd4
11.Qd1xd4 Nc6xd4
12.Bc2d3 c5
13.Bc1e3 Nd4c6
14.Be3f4 Nc6b4
15.Kd2 c4
16.Bd3e2 d4
17.Be2d1 Ng8e7
18.g4 Nb4d3
19.Bf4g3 Nd3xb2
{ resign }
0-1

[Event "Tourn. n8204"]
[Site "www.chess-mail.com"]
[Date "2015.07.20"]
[Round "1"]
[White "Zazi"]
[Black "Anja"]
[WhiteElo "1630"]
[BlackElo "1700"]
[Result "1-0"]
[Round "1"]
1.e4 Ng8f6
2.e5 Nf6d5
3.d4 d6
4.Bf1c4 e6
5.Qd1f3 dxe5
6.dxe5 Nb8c6
7.Bc4b5 Bc8d7
8.Ng1e2 Nc6xe5
9.Bb5xd7 Qd8xd7
10.Qf3b3 b6
11.O-O Bf8d6
12.f4 Bd6c5
13.Kh1 Ne5g4
14.h4 Qd7c6
15.Qb3g3 Nd5e3
16.Bc1xe3 Ng4xe3
17.Rf1c1 Ne3f5
18.Qg3g4 Bc5e3
19.Rc1e1 Qc6xc2
20.Qg4f3 O-O
21.Nb1a3 Qc2xb2
22.Na3c4 Qb2b5
23.Nc4xe3 Nf5xh4
24.Qf3g4 Nh4g6
25.Ne2c3 Qb5b4
26.Ra1c1 Qb4xf4
27.g3 Qf4xg4
28.Ne3xg4 Rf8d8
29.Nc3d1 c5
30.a4 Ra8c8
31.Nd1c3 Rd8d2
32.Nc3e4 Rd2a2
33.Ne4c3 Ra2b2
34.Ng4e5 Ng6xe5
35.Re1xe5 Rc8d8
36.Re5e1 Rd8d2
37.Kg1  { time }
1-0

[Event "Tourn. n8307"]
[Site "www.chess-mail.com"]
[Date "2015.07.20"]
[Round "1"]
[White "Mitja"]
[Black "Neo"]
[WhiteElo "1660"]
[BlackElo "1720"]
[Result "0-1"]
[Round "1"]
1.d4 d5
2.e3 e6
3.c3 b6
4.Ng1f3 Bc8b7
5.Nb1d2 Bf8d6
6.Nd2b3 Qd8e7
7.g3 Nb8c6
8.Bf1g2 O-O-O
9.Qd1c2 Kb8
10.Bc1d2 Ng8f6
11.O-O-O Nf6e4
12.Bd2e1 f5
13.Nb3d2 Nc6a5
14.Nd2xe4 fxe4
15.Nf3e5 Bd6xe5
16.dxe5 Na5c4
17.Bg2h3 Nc4xe5
18.Bh3g2 g6
19.Kb1 Ne5d3
20.Bg2f1 Bb7a6
21.Ka1 Rh8f8
22.Bf1xd3 Ba6xd3
23.Qc2d2 Rf8f3
24.h4 h5
25.Rh1h2 Rd8f8
26.Qd2c1 Qe7c5
27.Rd1d2 Qc5a5
28.b3 Qa5c5
29.Qc1b2 a5
30.Rd2d1 Rf8f5
31.a4 e5
32.b4 axb4
33.cxb4 Qc5c4
34.Rd1c1 Qc4a6
35.Qb2a3 d4
36.b5 Bd3xb5
37.a5 Bb5d3
38.Rc1c6 Qa6b5
39.Rc6c1 Rf5f6
40.axb6 Rf6xb6
41.Qa3a2 Rb6a6
{ resign }
0-1

[Event "Tourn. n8307"]
[Site "www.chess-mail.com"]
[Date "2015.07.20"]
[Round "1"]
[White "Neo"]
[Black "Bira47"]
[WhiteElo "1720"]
[BlackElo "1739"]
[Result "0-1"]
[Round "1"]
1.d4 g6
2.e3 Bf8g7
3.g3 Ng8f6
4.Bf1g2 c6
5.Ng1f3 d6
6.O-O O-O
7.c4 b5
8.cxb5 cxb5
9.b3 Bc8b7
10.Nb1d2 Nb8d7
11.Ra1b1 e5
12.dxe5 dxe5
13.a4 a6
14.axb5 axb5
15.Bc1b2 Rf8e8
16.e4 Nf6g4
17.Rb1a1 Qd8b6
18.Nf3h4 Nd7f6
19.Bg2h3 h5
20.Nh4f3 Nf6xe4
21.Nd2xe4 Bb7xe4
22.Nf3h4 Ra8d8
23.Qd1e2 Be4d3
24.Qe2e4 Bd3xe4
{ resign }
0-1

[Event "Tourn. n8307"]
[Site "www.chess-mail.com"]
[Date "2015.07.20"]
[Round "1"]
[White "Neo"]
[Black "Picifarkinca"]
[WhiteElo "1720"]
[BlackElo "1820"]
[Result "0-1"]
[Round "1"]
1.d4 f5
2.e3 Ng8f6
3.Bf1d3 d5
4.Ng1f3 e6
5.Nf3e5 Bf8d6
6.O-O Nb8d7
7.Ne5xd7 Bc8xd7
8.c3 O-O
9.b4 Qd8e8
10.a4 c6
11.a5 e5
12.dxe5 Bd6xe5
13.Ra1a3 Qe8g6
14.Qd1f3 Nf6g4
15.h3 Ng4h2
16.Qf3e2 Nh2xf1
17.Qe2xf1 Ra8e8
18.Bc1b2 Qg6d6
19.g3 g5
20.Qf1e2 Qd6h6
21.Kg2 f4
22.exf4 gxf4
23.Qe2d2 f3
24.Kh2 Qh6xh3
25.Kg1 Qh3g2

0-1

[Event "Tourn. n8025"]
[Site "www.chess-mail.com"]
[Date "2015.07.20"]
[Round "1"]
[White "Samael"]
[Black "Roserl"]
[WhiteElo "2090"]
[BlackElo "1950"]
[Result "1/2-1/2"]
[Round "1"]
1.Ng1f3 d5
2.e3 Ng8f6
3.d4 e6
4.Bf1e2 Bf8e7
5.O-O O-O
6.c4 c6
7.Nb1c3 Nb8d7
8.Bc1d2 dxc4
9.Be2xc4 Nd7b6
10.Bc4e2 Nb6d5
11.Ra1c1 Bc8d7
12.Nf3e5 Ra8c8
13.Ne5xd7 Qd8xd7
14.Nc3xd5 cxd5
15.Qd1b3 Nf6e4
16.Bd2c3 a6
17.Be2d3 Ne4xc3
18.Rc1xc3 Rc8xc3
19.bxc3 b5
20.Rf1a1 Rf8c8
21.Kf1 Qd7c6
22.Ra1c1 Qc6b6
23.a4 b4
24.Rc1c2 g6
25.c4 dxc4
26.Bd3xc4 a5
27.Bc4d3 Rc8xc2
28.Qb3xc2 Kg7
29.Bd3c4 Qb6c6
30.Bc4b3 Qc6xc2
31.Bb3xc2 Kf6
32.Ke2 Be7d8
33.e4 Ke7
34.Kd3 Kd6
35.Kc4 Kc6
36.f3 Bd8c7
37.h3 f6
38.Bc2d3 Kd6
39.Kb5 Bc7d8
40.Bd3c4 Bd8c7
41.d5 e5
42.Bc4b3 Bc7d8
43.g4 Bd8c7
44.h4 g5
45.hxg5 fxg5
46.Kc4 h6
47.Bb3c2 { draw }
1/2-1/2

[Event "Tourn. n8206"]
[Site "www.chess-mail.com"]
[Date "2015.07.20"]
[Round "1"]
[White "Oliverio"]
[Black "Chessexpert"]
[WhiteElo "1720"]
[BlackElo "1580"]
[Result "1-0"]
[Round "1"]
1.c4 f5
2.d4 Ng8f6
3.Nb1c3 e6
4.Ng1f3 Bf8b4
5.e3 O-O
6.Bf1d3 b6
7.Bc1d2 Bc8b7
8.O-O Bb4xc3
9.Bd2xc3 Nf6e4
10.Qd1c2 d6
11.b3 Nb8d7
12.Bc3b2 Nd7f6
{ time. }
1-0

[Event "Tourn. n8238"]
[Site "www.chess-mail.com"]
[Date "2015.07.20"]
[Round "1"]
[White "Colchester"]
[Black "Averoes"]
[WhiteElo "2040"]
[BlackElo "2200"]
[Result "0-1"]
[Round "1"]
1.d4 Ng8f6
2.c4 e6
3.g3 c5
4.Ng1f3 cxd4
5.Nf3xd4 a6
6.Bf1g2 Qd8c7
7.b3 Nb8c6
8.Bc1b2 Bf8c5
9.Nd4xc6 bxc6
10.O-O { time. }
0-1

[Event "Tourn. n8283"]
[Site "www.chess-mail.com"]
[Date "2015.07.20"]
[Round "1"]
[White "A27l"]
[Black "Cccp"]
[WhiteElo "1130"]
[BlackElo "1150"]
[Result "1-0"]
[Round "1"]
1.Nb1c3 Ng8f6
2.e4 e5
3.d3 c5
4.Ng1f3 Nb8c6
5.g3 d5
6.Bf1g2 d4
7.Nc3e2 Qd8b6
8.O-O Bc8e6
9.h4  { time }
1-0

[Event "Tourn. n8240"]
[Site "www.chess-mail.com"]
[Date "2015.07.20"]
[Round "1"]
[White "A27l"]
[Black "Culiflori"]
[WhiteElo "1130"]
[BlackElo "999"]
[Result "0-1"]
[Round "1"]
1.e4 e5
2.Ng1f3 Nb8c6
3.d3 Ng8f6
4.Bf1e2 Bf8e7
5.O-O d6
6.h3 O-O
7.Nf3h2 Bc8e6
8.Be2g4 Nf6xg4
9.Nh2xg4 Qd8d7
10.c3 Be6xg4
11.Qd1xg4 Qd7xg4
12.hxg4 Ra8d8
13.f3 Be7h4
14.Bc1e3 Nc6e7
15.Be3f2 Bh4xf2
16.Kxf2 Ne7g6
17.Nb1d2 d5
18.Ra1d1 Ng6f4
19.Nd2b3 dxe4
20.dxe4 Nf4d3
21.Ke2 Nd3xb2
22.Rd1d2 Nb2c4
23.Rd2xd8 Rf8xd8
24.g3 a5
25.Rf1d1 Rd8xd1
26.Kxd1 a4
27.Nb3d2 Nc4xd2
28.Kxd2 b5
29.a3 Kf8
30.Kd3 Ke7
31.f4 { time. }
0-1

[Event "Tourn. n8217"]
[Site "www.chess-mail.com"]
[Date "2015.07.20"]
[Round "1"]
[White "Guidom"]
[Black "Andreachess"]
[WhiteElo "2060"]
[BlackElo "1930"]
[Result "1-0"]
[Round "1"]
1.e4 e5
2.Ng1f3 Ng8f6
3.Nb1c3 Nb8c6
4.Bf1c4 Bf8c5
5.O-O d6
6.d3 O-O
7.Bc1g5 h6
8.Bg5h4 Bc8e6
9.Bc4xe6 fxe6
10.a3 d5
11.Qd1e1 Nc6d4
12.Nf3xd4 Bc5xd4
13.Ra1b1 a6
14.Nc3e2 Bd4b6
15.Bh4xf6 Rf8xf6
16.Ne2g3 d4
17.Qe1d2 c5
18.f4 Qd8d6
19.f5 Ra8c8
20.b3 c4
21.bxc4 Qd6xa3
22.Rb1xb6 Qa3c5
23.Rb6xb7 a5
24.Rb7b5 { resign }
1-0

[Event "Tourn. n8217"]
[Site "www.chess-mail.com"]
[Date "2015.07.20"]
[Round "1"]
[White "Hdr"]
[Black "Guidom"]
[WhiteElo "1889"]
[BlackElo "2060"]
[Result "0-1"]
[Round "1"]
1.d4 d5
2.Ng1f3 c6
3.c4 e6
4.cxd5 exd5
5.Qd1c2 Ng8f6
6.Nb1c3 Bf8b4
7.Bc1g5 O-O
8.e3 h6
9.Bg5h4 Bc8g4
10.Nf3e5 Bg4h5
11.Bf1d3 Bb4xc3
12.Qc2xc3 Qd8d6
{ resign }
0-1

[Event "Tourn. n8294"]
[Site "www.chess-mail.com"]
[Date "2015.07.20"]
[Round "1"]
[White "Hansen"]
[Black "Cccp"]
[WhiteElo "1390"]
[BlackElo "1150"]
[Result "1-0"]
[Round "1"]
1.e4 e6
2.a3 d5
3.e5 c5
4.Nb1c3 Nb8c6
5.Bf1b5 Bc8d7
6.f4 f5
7.Ng1f3 Ng8h6
8.h3  { time }
1-0

[Event "Tourn. n8286"]
[Site "www.chess-mail.com"]
[Date "2015.07.20"]
[Round "1"]
[White "Sfalcao"]
[Black "Bojan"]
[WhiteElo "1890"]
[BlackElo "1890"]
[Result "1-0"]
[Round "1"]
1.e4 e5
2.Ng1f3 d6
3.d4 exd4
4.Nf3xd4 Bc8d7
5.Bc1e3 g6
6.Nb1c3 Bf8g7
7.Qd1d2 Nb8c6
8.O-O-O Nc6e5
9.f4 Ne5g4
10.Be3g1 Ng8f6
11.h3 Ng4h6
12.g4 Nh6xg4
13.hxg4 Bd7xg4
14.Bf1e2 Bg4xe2
15.Nd4xe2 Qd8e7
16.Ne2g3 O-O
17.f5 Nf6g4
18.Bg1d4 h5
19.Nc3d5 Qe7d7
20.Bd4xg7 Kxg7
21.Ng3xh5 Kg8
22.Nh5f6 Ng4xf6
23.Nd5xf6 { resign }
1-0

[Event "Tourn. n8186"]
[Site "www.chess-mail.com"]
[Date "2015.07.20"]
[Round "1"]
[White "Silent1"]
[Black "Chtoubidou"]
[WhiteElo "1940"]
[BlackElo "1920"]
[Result "0-1"]
[Round "1"]
1.d4 d5
2.c4 Nb8c6
3.Nb1c3 dxc4
4.e3 e5
5.d5 Nc6e7
6.Bf1xc4 Ne7g6
7.e4 Ng8f6
8.Ng1f3 Bf8d6
9.O-O O-O
10.Bc4d3 Bc8g4
11.Bd3e2 Ng6f4
12.Bc1xf4 exf4
13.h3 Bg4xf3
14.Be2xf3 Bd6e5
15.Qd1c2 a6
16.Ra1b1 Qd8d6
17.Rf1d1 b5
18.Nc3e2 Qd6b6
19.b3 a5
20.Rb1c1 Rf8c8
21.Qc2c6 Qb6xc6
22.Rc1xc6 a4
23.Rd1b1 axb3
24.axb3 Ra8a2
25.Kf1 b4
26.Rc6c4 Rc8a8
27.Rc4xb4 h6
28.Rb4c4 Ra8a3
29.b4 Nf6d7
30.Rc4c1 Nd7b6
31.Ke1 Nb6a4
32.Rc1d1 Be5c3
33.Ne2xc3 Na4xc3
{ resign }
0-1

[Event "Tourn. n8226"]
[Site "www.chess-mail.com"]
[Date "2015.07.20"]
[Round "1"]
[White "Manolinex"]
[Black "Nimzo"]
[WhiteElo "2700"]
[BlackElo "2720"]
[Result "1/2-1/2"]
[Round "1"]
1.e4 e6
2.Nb1c3 d5
3.d4 Ng8f6
4.Bc1g5 dxe4
5.Nc3xe4 Bf8e7
6.Ne4xf6 Be7xf6
7.Bg5xf6 Qd8xf6
8.Ng1f3 O-O
9.c3 b6
10.Bf1e2 Bc8b7
11.O-O Nb8d7
12.Nf3d2 c5
13.Be2f3 Bb7xf3
14.Nd2xf3 cxd4
15.Qd1xd4 Rf8d8
16.Qd4e3 Qf6f5
17.Ra1d1 Nd7f6
18.Rd1d4 h6
19.Rf1d1 Rd8xd4
20.Qe3xd4 Qf5c2
21.Qd4d2 Qc2xd2
22.Rd1xd2 Nf6e4
23.Rd2d4 { draw }
1/2-1/2

[Event "Tourn. n8226"]
[Site "www.chess-mail.com"]
[Date "2015.07.20"]
[Round "1"]
[White "Cathar"]
[Black "Manolinex"]
[WhiteElo "2270"]
[BlackElo "2700"]
[Result "0-1"]
[Round "1"]
1.Ng1f3 Ng8f6
2.g3 d5
3.Bf1g2 c6
4.d3 Nb8d7
5.Nb1d2 e5
6.e4 Bf8d6
7.c3 Nd7c5
8.Qd1e2 O-O
9.O-O Rf8e8
10.b4 Nc5a4
11.Nd2b1 a5
12.a3 axb4
13.cxb4 d4
14.Qe2c2 c5
15.Nb1d2 b5
16.bxc5 Bd6xc5
17.Nd2b3 Bc5f8
18.Bc1d2 Bc8g4
19.Rf1c1 Ra8c8
20.Qc2d1 Qd8d7
21.Bd2b4 Na4c3
22.Qd1e1 Bf8xb4
23.axb4 Qd7d6
24.Nb3c5 Nf6d7
25.Nc5xd7 Bg4xd7
{ resign }
0-1

[Event "Tourn. n8226"]
[Site "www.chess-mail.com"]
[Date "2015.07.20"]
[Round "1"]
[White "Calulalb"]
[Black "Manolinex"]
[WhiteElo "2770"]
[BlackElo "2700"]
[Result "0-1"]
[Round "1"]
1.c4 Ng8f6
2.Nb1c3 c5
3.g3 e6
4.Ng1f3 Nb8c6
5.Bf1g2 Qd8b6
6.d3 Bf8e7
7.e4 O-O
8.O-O d6
9.Ra1b1 Bc8d7
10.a3 a5
11.Bc1d2 Rf8d8
12.Nf3e1 Nc6d4
13.b3 Bd7c6
14.Ne1c2 h6
15.Nc2e3 Nf6h7
16.f4 Rd8e8
17.a4 Qb6d8
18.Nc3b5 b6
19.Bd2c1 Ra8b8
20.Bc1b2 Be7f6
 { time }
0-1